Time series analysis: with applications in R

Guardat en:
Dades bibliogràfiques
Autors principals: Cryer, Jonathan D (Autor), Chan, Kung-Sik (Autor)
Format: Llibre
Idioma:anglès
Publicat: Nueva York Springer 2008
Col·lecció:Springer Texts in Statistics
Matèries:
Etiquetes: Afegir etiqueta
Sense etiquetes, Sigues el primer a etiquetar aquest registre!

MARC

LEADER 00000cam a2200000 a 4500
001 UCH0610
003 CL-VaPUC
008 090320e20080000US |||||||||||||||||eng|d
020 |a 9780387759586 
082 0 4 |a 519.55  |b CRY  |2 21 
100 0 |a Cryer, Jonathan D  |e author  |9 534857 
700 0 |a Chan, Kung-Sik  |e author  |9 534858 
245 1 0 |a Time series analysis: with applications in R 
300 |a 491 p 
942 |c BK 
945 |d 20090320 00:00:00  |a rbrito 
260 |a Nueva York  |b Springer  |c 2008 
650 0 |a Análisis de series de tiempo   |9 260363 
650 7 |a MINITAB SISTEMA COMPUTACIONAL  |2 CL-VaPUC  |9 260654 
650 0 |a Análisis de regresión   |9 263763 
583 |a last modification  |c 20151211 11:28:24  |k Rodrigo Vera 
490 0 |a Springer Texts in Statistics 
999 |c 332892  |d 332890 
952 |0 0  |1 0  |4 0  |6 519_550000000000000_CRY_2008  |7 0  |8 A  |9 420941  |a BIBGIM  |b BIBGIM  |d 2019-11-22  |i 4520866  |o 519.55 CRY 2008  |p 4520866  |r 2025-01-15  |w 2019-11-22  |y BK  |k EST 
952 |0 0  |1 0  |3 erd  |4 0  |6 519_550000000000000_CRY_2008  |7 0  |8 A  |9 420942  |a BIBGIM  |b BIBGIM  |i 5256828  |l 10  |m 2  |o 519.55 CRY 2008  |p 5256828  |r 2025-01-15  |s 2024-11-18  |w 2019-11-22  |y BK  |z Catalogado en:20151218  |k EST